Teach yourself eastern philosophy (Record no. 80923)
[ view plain ]
| 000 -LEADER | |
|---|---|
| fixed length control field | 00826nam a2200205 a 4500 |
| 008 - FIXED-LENGTH DATA ELEMENTS--GENERAL INFORMATION | |
| fixed length control field | 081121s2003 ||||||||||||||||| || u |
| 020 ## - INTERNATIONAL STANDARD BOOK NUMBER | |
| International Standard Book Number | 9780340867515 |
| 050 ## - LIBRARY OF CONGRESS CALL NUMBER | |
| Classification number | B 121 Tho |
| 100 ## - MAIN ENTRY--PERSONAL NAME | |
| Personal name | Thompson, Mel |
| 245 10 - TITLE STATEMENT | |
| Title | Teach yourself eastern philosophy |
| 246 ## - | |
| -- | Eastern philosophy |
| 260 ## - PUBLICATION, DISTRIBUTION, ETC. | |
| Place of publication, distribution, etc. | London: |
| Name of publisher, distributor, etc. | Hodder Arnold |
| Date of publication, distribution, etc. | 2003 |
| 300 ## - PHYSICAL DESCRIPTION | |
| Extent | xii, 240p.: ill. |
| 350 ## - | |
| -- | 0.00 |
| 490 ## - | |
| -- | Teach yourself |
| 650 ## - SUBJECT ADDED ENTRY--TOPICAL TERM | |
| Topical term or geographic name entry element | PHILOSOPHY |
| 650 ## - SUBJECT ADDED ENTRY--TOPICAL TERM | |
| Topical term or geographic name entry element | PHILOSOPHY, ORIENTAL |
| 995 ## - | |
| -- | MAIN LIBRARY OPEN ACCESS |
| -- | 0.00 |
| -- | 739288 |
| -- | CBU-MAIN LIBRARY (Kitwe) |
| -- | 1 |
| -- | 75000.00 |
| -- | B 121 THO |
| -- | 1 |
| -- | AVAILABLE |
| -- | Jan 26, 2009 |
| -- | 739288 |
| -- | Main Library Open Access Collection |
| 995 ## - | |
| -- | MAIN LIBRARY OPEN ACCESS |
| -- | 0.00 |
| -- | 740015 |
| -- | CBU-MAIN LIBRARY (Kitwe) |
| -- | 1 |
| -- | 0.00 |
| -- | B 121 Tho |
| -- | 2 |
| -- | AVAILABLE |
| -- | May 11, 2009 |
| -- | 740015 |
| -- | Main Library Open Access Collection |
| 999 ## - | |
| -- | 80923 |
| -- | 80923 |
| Withdrawn status | Lost status | Source of classification or shelving scheme | Damaged status | Not for loan | Permanent Location | Current Location | Shelving location | Date acquired | Total Checkouts | Full call number | Barcode | Date last seen | Copy number | Price effective from | Koha item type |
|---|---|---|---|---|---|---|---|---|---|---|---|---|---|---|---|
| CBU-MAIN LIBRARY, KITWE. | CBU-MAIN LIBRARY, KITWE. | 07/11/2023 | B 121 Tho | 739288 | 07/11/2023 | 1 | 07/11/2023 | MONOGRAPH | |||||||
| CBU-MAIN LIBRARY, KITWE. | CBU-MAIN LIBRARY, KITWE. | 07/11/2023 | B 121 Tho | 740015 | 07/11/2023 | 2 | 07/11/2023 | MONOGRAPH |